000 00525nam a2200205Ia 4500
005 20140313111143.0
008 140130s9999 xx 000 0 und d
020 _a0590921622
050 _aPZ 7
_b.B7633Clwxf 1997
100 _aBridwell, Norman
245 _cNorman Bridwell
_aClifford's first valentine's day /
260 _bScholastic,
_c1997.
_aNew York :
300 _a[30] p. :
_bcol. ill. ;
_c21 cm.
440 _v1
521 _aG2
526 _c490
942 _cBK
_2lcc
999 _c40495
_d40495